00818cam a2200229 i 4500999001500000001000600015003000900021005001700030008004100047020001800088040003300106082002100139100002100160245008000181264004600261300004400307504005700351650002500408650002500433942001200458952011800470 c2764d276419046BD-DhUAP20200227123145.0200227s2010 ii ab b 000 0 eng  a9780143068785 aDLCbengerdacDLCdBD-DhUAP 2 23a720.954 COR1 aCorrea, Charles.12aA place in the shade :bthe new landscape & other essays /cCharles Correa. 1aNew Delhi :bPenguin Books India,cc2010. aix, 246 pages :billustrations ;c23 cm aIncludes bibliographical references (pages 243-244). 0aUrbanizationzIndia. 0aArchitecturezIndia. 2ddccBK 00102ddc4070aUAPCLbUAPCLcGeneral Stacksd2020-02-27o720.954 CORp3010019046r2020-02-27t1w2020-02-27yBK